Dinner : changing the game /

Each recipe in Dinner is meant to be dinner—one fantastic dish that is so satisfying and flavor-forward it can stand alone—or be paired with a simple salad or fresh bread on the side. This is what Melissa Clark means by changing the game. Dinner is all about options: inventive, unfussy food with une...

Full description

Bibliographic Details
Main Author: Clark, Melissa (Author)
Other Authors: Wolfinger, Eric (Photographer)
Format: Book
Language:English
Published: New York : Clarkson Potter/Publishers, [2017]
Edition:First edition.
Subjects:

MARC

Tag First Indicator Second Indicator Subfields
LEADER 00000cam a22000008i 4500
001 in00003862002
005 20170418134411.0
008 160411t20172017nyua 001 0 eng
010 |a  2016013021 
035 |a (OCoLC)ocn946579917 
040 |a DLC  |b eng  |e rda  |c DLC  |d OCLCO  |d OCLCF  |d BDX  |d YDXCP  |d BTCTA  |d OCLCQ  |d OCLCO  |d WIM  |d NYP  |d IHX  |d IGA  |d SINLB  |d PFLCL  |d VP@  |d FEM  |d ILC 
019 |a 969089742  |a 973553810 
020 |a 9780553448238  |q (hardcover) 
020 |a 0553448234  |q (hardcover) 
020 |z 9780553448245  |q (eISBN) 
035 |a (OCoLC)946579917  |z (OCoLC)969089742  |z (OCoLC)973553810 
037 |b Random House Inc, Attn Order Entry 400 Hahn rd, Westminster, MD, USA, 21157  |n SAN 201-3975 
042 |a pcc 
050 0 0 |a TX714  |b .C5535 2017 
082 0 0 |a 641.5  |2 23 
049 |a TXAM 
100 1 |a Clark, Melissa,  |e author. 
245 1 0 |a Dinner :  |b changing the game /  |c Melissa Clark ; photographs by Eric Wolfinger. 
246 3 0 |a Dinner, changing the game 
250 |a First edition. 
264 1 |a New York :  |b Clarkson Potter/Publishers,  |c [2017] 
264 4 |c ©2017 
300 |a 399 pages :  |b color illustrations ;  |c 26 cm 
336 |a text  |b txt  |2 rdacontent 
336 |a still image  |b sti  |2 rdacontent 
337 |a unmediated  |b n  |2 rdamedia 
338 |a volume  |b nc  |2 rdacarrier 
500 |a Includes index. 
520 |a Each recipe in Dinner is meant to be dinner—one fantastic dish that is so satisfying and flavor-forward it can stand alone—or be paired with a simple salad or fresh bread on the side. This is what Melissa Clark means by changing the game. Dinner is all about options: inventive, unfussy food with unexpected flavor. Clark's mission is to help anyone—whether a novice with just a single pan or the experienced home cook—figure out what to make any night of the week without settling on fallbacks. These inherently simple recipes can turn anyone into a better and more confident cook. Organized by main ingredient—chicken, meat, fish and seafood, eggs, pasta and noodles, tofu, vegetable dinners, grains, pizza, soups, and salads that mean it—Dinner covers an astonishing breadth of recipes. There is something for every mood, season, and the amount of time you have: sheet pan chicken laced with spicy harissa, burgers amped with chorizo, curried lentils with poached eggs; and if you want just a little something else, you'll find green beans with caper vinaigrette, coconut rice, and skillet brown-butter cornbread, to name just a few dishes in this indispensable collection. Here, too, are easy flourishes that make dinner exceptional: stir charred lemon into pasta, toss creamy Caesar-like dressing on a grain bowl, add fresh ricotta and demerara sugar to stovetop mac and cheese; lavish a dollop of chile paste just about anywhere. Melissa Clark, the New York Times bestselling author and one of the most beloved food writers of our generation, has written a comprehensive and practical book that reflects the way she cooks at home for her family and on those rare nights when she's alone. 
520 |a Dinner can be one fantastic dish that is so satisfying and flavor-forward it can stand alone, or be paired with a simple salad or fresh bread on the side. Dinner is all about options: inventive, unfussy food with unexpected flavor. Clark's mission is to help anyone-- whether a novice with just a single pan or the experienced home cook-- figure out what to make any night of the week without settling on fallbacks. These inherently simple recipes can turn anyone into a better and more confident cook. 
505 0 |a Introduction -- Chicken -- Meat: pork, beef, veal, lamb, duck & turkey -- The grind -- Fish & seafood -- Eggs -- Pasta & noodles -- Tofu (& a touch of seitan) -- Beans, legumes & vegetable dinners -- Rice, farro, quinoa & other grains -- Pizzas & pies -- Soups -- Salads that mean it -- Dips, spreads & go-withs. 
650 0 |a Cooking. 
650 0 |a Illustrated books. 
650 7 |a Cooking.  |2 fast  |0 (OCoLC)fst01754966 
650 7 |a COOKING / Courses & Dishes.  |2 bisacsh 
650 7 |a COOKING / Methods / Quick & Easy.  |2 bisacsh 
650 7 |a COOKING / Regional & Ethnic / American.  |2 bisacsh 
650 0 4 |a Cooking. 
650 4 |a COOKING / Courses & Dishes. 
650 4 |a COOKING / Regional & Ethnic / American. 
650 4 |a COOKING / Methods / Quick & Easy. 
655 7 |a Cookbooks.  |2 fast  |0 (OCoLC)fst01752725 
655 7 |a Cookbooks.  |2 lcgft 
655 4 |a Cookbooks. 
700 1 |a Wolfinger, Eric,  |e photographer. 
776 0 8 |i Online version:  |a Clark, Melissa, author.  |t Dinner.  |b First edition.  |d New York : Clarkson Potter/Publishers, [2017]  |z 9780553448245  |w (DLC) 2016017454 
948 |a cataloged  |b h  |c 2017/4/18  |d c  |e ceaton  |f 1:43:03 pm 
994 |a C0  |b TXA 
999 f f |s 50cc08a7-3ff8-3c1e-b5af-2ba5c3ab6a81  |i 66621fef-821f-3511-9ad7-e5808539ba9f  |t 0 
952 f f |p normal  |a Texas A&M University  |b College Station  |c Sterling C. Evans Library  |d Evans: Library Stacks  |t 0  |e TX714 .C5535 2017  |h Library of Congress classification  |i unmediated -- volume  |m A14813738680 
998 f f |a TX714 .C5535 2017  |t 0  |l Evans: Library Stacks